000 00787nam a2200217Ia 4500
003 GCL
008 140319s9999 xx 000 0 ara d
040 _aGCL /
_cGCL
082 0 4 _a681.2
_bف ا
100 1 _aفاروق محمد العامرى
245 1 0 _aاجهزة الاختبارات الالكترونية الحديثة واستخداماتها /
_cفاروق محمد العامرى
260 _a[S.N] :
_bمعهد ناصر للدراسات الالكترونية ،
_c1990
300 _a191 ص
490 _aموسوعة العامرى للالكترونيات
_v0
650 0 4 _aالاجهزة الالكترونية
650 0 4 _aالقياس
650 0 4 _aالاختبارات
650 0 4 _aالاجهزة
650 0 4 _aالالكترونيات
942 _2ddc
_cBK
999 _c55537
_d55537